000
00281nam a22001337a 4500
008
170419b xxu||||| |||| 00| 0 eng d
020
_a
9780073196640
041
_a
eng
080
_a
579
100
_a
11
101
_a
SHM
245
_a
MICRPBIOLOGY
_c
COWAN.M.K
942
_2
udc
_c
BK
999
_c
11073
_d
11073